Conversión de energía electromecánica

Salvato in:
Dettagli Bibliografici
Autore principale: Gourishankar, Vembu
Natura: Libro
Lingua:Spanish
Pubblicazione: Colombia : Alfaomega, c1995.
Soggetti:
Tags: Aggiungi Tag
Nessun Tag, puoi essere il primo ad aggiungerne!!

MARC

LEADER 00000nam a2200000Ia 4500
003 000514
005 20221231144010.0
008 140114s1995 ck a 000 ||spa d
040 |c cru CEDI 
082 |a  621.31 G715C 
100 |a Gourishankar, Vembu  |9 19472 
245 |a Conversión de energía electromecánica 
260 |a Colombia : Alfaomega,   |c c1995. 
300 |a 638 páginas : ilustraciones 
500 |a Traducción de: Electromechanical energy conversion 
650 |x DINAMOS   |x TRANSFORMADORES ELECTRICOS   |x INGENIERÍA ELÉCTRICA  |9 19473 
942 |2 ddc  |c BK 
999 |c 15397  |d 15397